The Asian financial crisis : causes, cures, and systemic implications (Record no. 35485)

MARC details
000 -LEADER
fixed length control field 00695nam a2200181Ia 4500
020 ## - INTERNATIONAL STANDARD BOOK NUMBER
ISBN 9780881322613
050 ## - CALL MARK
Classification number HG 5740.8.A3 .G65/
100 ## - STATEMENT OF RESPONSIBILITY--MAIN AUTHOR NAME
Personal name Goldstein, Morris
245 #4 - TITLE STATEMENT
Title The Asian financial crisis : causes, cures, and systemic implications
260 ## - PUBLICATION, DISTRIBUTION, ETC. (IMPRINT)
Place of publication Washington, DC
260 ## - PUBLICATION, DISTRIBUTION, ETC. (IMPRINT)
Name of publisher Institute for International Economics,
260 ## - PUBLICATION, DISTRIBUTION, ETC. (IMPRINT)
Year of publication 1998
300 ## - PHYSICAL DESCRIPTION
Number of Pages 77 p
650 ## - SUBJECT ADDED ENTRY--TOPICAL TERM
Topical Term International Monetary Fund. Stock exchanges--Southeast Asia. Foreign exchange--Government policy--Southeast Asia. Stock exchanges--Asia. Foreign exchange--Government policy--Asia. Financial crises--Asia.
942 ## - ADDED ENTRY ELEMENTS (KOHA)
Koha item type Books
Holdings
Withdrawn status Lost status Source of classification or shelving scheme Damaged status Not for loan Permanent Location Current Location Date acquired Accession Number Price effective from Koha item type
    Library of Congress Classification     NILE UNIVERSITY OF NIGERIA - MAIN LIBRARY NILE UNIVERSITY OF NIGERIA - MAIN LIBRARY 04/23/2025 0194517 04/23/2025 Books